| 000 | 01135nam a22001457a 4500 | ||
|---|---|---|---|
| 999 |
_c525036 _d525036 |
||
| 008 | 240207b ||||| |||| 00| 0 eng d | ||
| 100 |
_aChandrasekhar, Rajeev _948426 |
||
| 245 | _aIndia’s vision for harassing AI for global good | ||
| 260 | _aYojana | ||
| 300 | _a68(2), Feb, 2024: p.6-8 | ||
| 520 | _aAt the forefront of the transformative journeyed of digital India is the pivotal role played by AI, a force that the government is actively shaping thought he comprehensive mission named ‘India Ai.’ India Ai’s vision not only consists of support for the AI startup ecosystem but also the development of practical applications addressing real-world challenges in healthcare, agriculture, language translation, governance and beyond. India’s approach entails setting principles and an exhaustive list of harms and criminalities associated with AI. Instead of regulating AI at specific developmental stages, India is advocating for clear guidelines for platforms, addressing issues like bias and misuse during model trending. – Reproduced | ||
| 773 | _aYojana | ||
| 906 | _aARTIFICIAL INTELLIGENCE | ||
| 942 | _cAR | ||